| 000 | 01319cam a22002774i 4500 | ||
|---|---|---|---|
| 003 | PE-LiUPU | ||
| 005 | 20220706100159.0 | ||
| 008 | 150625s r 000 0 d | ||
| 035 | _a(Sirsi) a34059 | ||
| 040 |
_aPE-LiUPU _bspa _cPE-LiUPU _erda |
||
| 082 | 0 | 4 |
_a911.816 _bP85 _221 |
| 111 | 2 |
_aCongreso sul-riograndense de historia e geografia _n3 _cPrefeitura municipal de Porto Alegre |
|
| 245 | 1 | 0 |
_aAnais do III congreso sul-Riograndense de historia e geografia. _n2. |
| 264 | 1 |
_aPorto alegre, Brazil : _bPrefeitura municipal, _c1940. |
|
| 300 |
_a1024 páginas : _bilustraciones, fotos, mapas ; _c20 cm. |
||
| 336 |
_atext _2rdacontent |
||
| 337 |
_aunmediated _2rdamedia |
||
| 338 |
_avolume _2rdacarrier |
||
| 505 | 0 | _aServicio de arquivo historico de estado. - diretoria do arquivo e biblioteca da prefeitura municipal de porto-alegre. | |
| 611 |
_aCongreso sul-riograndense de historia e geografia _n3 _cPrefeitura municipal de Porto Alegre. |
||
| 910 | _a | ||
| 942 |
_2ddc _cBOOK |
||
| 949 |
_a911.816 P85 2 _wDEWEY _c1 _i14179 _lCCODEBUL1 _mBUL _p00.00 _r0 _sY _tBOOK _u2015-06-25 _xBIBLIOTECA _zUNKNOWN _0COMPRA _o.STAFF. Colección General |
||
| 596 | _a1 | ||
| 999 |
_a911.816 P85 2 _wDEWEY _c41874 _i14179 _f2021-11-8 _g5 _lCCODEBUL1 _mBUL _r0 _sY _tBOOK _u2015-6-25 _xBIBLIOTECA _zUNKNOWN _0COMPRA _o.STAFF. Colección General _d41874 |
||